<?xml version="1.0" encoding="UTF-8"?>
<record
    xmlns:xsi="http://www.w3.org/2001/XMLSchema-instance"
    xsi:schemaLocation="http://www.loc.gov/MARC21/slim http://www.loc.gov/standards/marcxml/schema/MARC21slim.xsd"
    xmlns="http://www.loc.gov/MARC21/slim">

  <leader>01581nam a22002177a 4500</leader>
  <controlfield tag="005">20260304092620.0</controlfield>
  <controlfield tag="008">260303b        |||||||| |||| 00| 0 eng d</controlfield>
  <datafield tag="020" ind1=" " ind2=" ">
    <subfield code="a">9781526678645</subfield>
  </datafield>
  <datafield tag="040" ind1=" " ind2=" ">
    <subfield code="c">AL</subfield>
  </datafield>
  <datafield tag="041" ind1=" " ind2=" ">
    <subfield code="a">English</subfield>
  </datafield>
  <datafield tag="082" ind1=" " ind2=" ">
    <subfield code="a">823.914</subfield>
    <subfield code="b">GURT</subfield>
  </datafield>
  <datafield tag="100" ind1=" " ind2=" ">
    <subfield code="a">Abdulrazak Gurnah</subfield>
    <subfield code="9">257596</subfield>
  </datafield>
  <datafield tag="245" ind1=" " ind2=" ">
    <subfield code="a">Theft</subfield>
  </datafield>
  <datafield tag="260" ind1=" " ind2=" ">
    <subfield code="a">London</subfield>
    <subfield code="b">Bloomsbury Publishing</subfield>
    <subfield code="c">2025</subfield>
  </datafield>
  <datafield tag="300" ind1=" " ind2=" ">
    <subfield code="a">246p.</subfield>
    <subfield code="b">PB</subfield>
    <subfield code="c">23.5x15.5cm.</subfield>
  </datafield>
  <datafield tag="365" ind1=" " ind2=" ">
    <subfield code="a">IN-39312</subfield>
    <subfield code="b">&#x20B9;471.03</subfield>
    <subfield code="c">&#x20B9;</subfield>
    <subfield code="d">&#x20B9;724.00</subfield>
    <subfield code="f">14-01-2026</subfield>
  </datafield>
  <datafield tag="520" ind1=" " ind2=" ">
    <subfield code="a">**Selected as a Book of the Summer 2025 by the Guardian, Financial Times, Granta, Economist and the BBC**
**Selected as a book of the year 2025 by the Financial Times and Time Magazine**
It is the 1990s. Growing up in Zanzibar, three very different young people &#x2013; Karim, Fauzia and Badar &#x2013; are coming of age, and dreaming of great possibilities in their young nation. But for Badar, an uneducated servant boy who has never known his parents, it seems as if all doors are closed.

Brought into a lowly position in a great house in Dar es Salaam, Badar finds the first true home of his life &#x2013; and the friendship of Karim, the young man of the house. Even when a shattering false accusation sees Badar sent away, Karim and Fauzia refuse to turn away from their friend.
But as the three of them take their first steps in love, infatuation, work and parenthood, their bond is tested &#x2013; and Karim is tempted into a betrayal that will change all of their lives forever.
</subfield>
  </datafield>
  <datafield tag="650" ind1=" " ind2=" ">
    <subfield code="a">English Fiction</subfield>
    <subfield code="9">257433</subfield>
  </datafield>
  <datafield tag="650" ind1=" " ind2=" ">
    <subfield code="a">Awarded the Nobel prize in Literature</subfield>
    <subfield code="9">257435</subfield>
  </datafield>
  <datafield tag="942" ind1=" " ind2=" ">
    <subfield code="2">ddc</subfield>
    <subfield code="c">BK</subfield>
  </datafield>
  <datafield tag="999" ind1=" " ind2=" ">
    <subfield code="c">240985</subfield>
    <subfield code="d">240985</subfield>
  </datafield>
  <datafield tag="952" ind1=" " ind2=" ">
    <subfield code="0">0</subfield>
    <subfield code="1">0</subfield>
    <subfield code="2">ddc</subfield>
    <subfield code="4">0</subfield>
    <subfield code="7">0</subfield>
    <subfield code="8">GEN</subfield>
    <subfield code="a">AL</subfield>
    <subfield code="b">AL</subfield>
    <subfield code="c">SK</subfield>
    <subfield code="d">2026-02-11</subfield>
    <subfield code="e">amazon.in</subfield>
    <subfield code="g">471.03</subfield>
    <subfield code="l">0</subfield>
    <subfield code="o">823.914 GURT</subfield>
    <subfield code="p">078087</subfield>
    <subfield code="r">2026-03-03 11:30:17</subfield>
    <subfield code="v">724.00</subfield>
    <subfield code="w">2026-01-14</subfield>
    <subfield code="y">BK</subfield>
  </datafield>
</record>
